[Event "British Chess Championships 2023: First Rapidplay Open"]
[Site "The Venue, De Montfort University, 20 Western Boulevard, Leicester, LE2 7BU"]
[Date "2023.07.21"]
[Round "7"]
[Board "10"]
[White "Tozer, Philip Aa"]
[Black "Goss, Alex"]
[Result "1-0"]
[WhiteElo "2036"]
[BlackElo "1781"]
[PlyCount "0"]
[EventDate "2023.07.21"]
[EventRounds "7"]
[EventCountry "ENG"]

1. c4 e5 2. g3 f5 3. d4 exd4 4. Qxd4 Nf6 5. Nf3 Bb4+ 6. Bd2 Bxd2+ 7. Nbxd2 O-O 8.
Bg2 Nc6 9. Qd3 d6 10. O-O Ne5 11. Qd4 c5 12. Qc3 Qe7 13. e3 Nxf3+ 14. Nxf3 Ne4 15.
Qd3 b6 16. Rfd1 Bb7 17. Nd2 Rad8 18. f3 Nxd2 19. Rxd2 d5 20. f4 d4 21. Bxb7 Qxb7
22. exd4 Rxd4 23. Qe2 Qe4 24. Re1 Re8 25. Qxe4 Rexe4 26. Rxe4 fxe4 27. Rxd4 cxd4
28. Kf2 a5 29. b3 Kf7 30. a3 Ke6 31. g4 Kd6 32. b4 Kc6 33. h4 axb4 34. axb4 b5 35.
c5 Kd5 36. h5 Kc4 37. c6 Kd3 38. c7 Kd2 39. c8=Q e3 40. Kf3 e2 41. Qe6 e1=N+ 42.
Qxe1+ Kxe1 43. Ke4 Kf2 44. h6 g6 45. f5 gxf5+ 46. gxf5  1-0

[Event "British Chess Championships 2023: First Rapidplay Open"]
[Site "The Venue, De Montfort University, 20 Western Boulevard, Leicester, LE2 7BU"]
[Date "2023.07.21"]
[Round "7"]
[Board "11"]
[White "Buanne, Luca"]
[Black "Pilley, Jack"]
[Result "1/2-1/2"]
[WhiteElo "2000"]
[BlackElo "2037"]
[PlyCount "0"]
[EventDate "2023.07.21"]
[EventRounds "7"]
[EventCountry "ENG"]

1. e4 c6 2. Nf3 d5 3. Nc3 Bg4 4. h3 Bxf3 5. Qxf3 e6 6. d3 Nf6 7. Bd2 Be7 8. g4 d4
9. Ne2 c5 10. Bg2 Nc6 11. Qg3 e5 12. f4 exf4 13. Nxf4 h5 14. g5 h4 15. Qf2 Nd7 16.
g6 Rf8 17. Qe2 Nde5 18. gxf7+ Rxf7 19. Qh5 Qd6 20. Qh8+ Rf8 21. Qh5+ g6 22. Qe2 Bg5
23. Nd5 Bxd2+ 24. Kxd2 O-O-O 25. Raf1 b5 26. Bf3 c4 27. Bg4+ Kb7 28. Rxf8 Rxf8 29.
Rf1 cxd3 30. cxd3 Rxf1 31. Qxf1 Nxg4 32. Qf7+ Ka6 33. hxg4 Qh2+ 34. Kc1 Qd6 35. Kd2
Nb4 36. Nxb4+ Qxb4+ 37. Kc2 Qd6 38. Qh7 g5 39. Qh8 Qg3  1/2-1/2

[Event "British Chess Championships 2023: First Rapidplay Open"]
[Site "The Venue, De Montfort University, 20 Western Boulevard, Leicester, LE2 7BU"]
[Date "2023.07.21"]
[Round "7"]
[Board "12"]
[White "Masani, Matthew M"]
[Black "Bartram, William"]
[Result "1-0"]
[WhiteElo "1862"]
[BlackElo "1932"]
[PlyCount "0"]
[EventDate "2023.07.21"]
[EventRounds "7"]
[EventCountry "ENG"]

1. d4 Nf6 2. Bf4 d5 3. e3 Bf5 4. Nd2 e6 5. c4 c6 6. Qb3 Qb6 7. c5 Qxb3 8. axb3 Nh5
9. Bxb8 Rxb8 10. Rxa7 e5 11. Ngf3 exd4 12. exd4 Nf4 13. b4 f6 14. Nb3 Kd7 15. Kd2
g6 16. h3 Bh6 17. Kc3 Rhe8 18. Na5 Kc8 19. b5 Ne2+ 20. Bxe2 Rxe2 21. Re1 Rxe1 22.
Nxe1 cxb5 23. Nd3 Bxd3 24. Kxd3 Bf4 25. Kc3  1-0

[Event "British Chess Championships 2023: First Rapidplay Open"]
[Site "The Venue, De Montfort University, 20 Western Boulevard, Leicester, LE2 7BU"]
[Date "2023.07.21"]
[Round "7"]
[Board "13"]
[White "Thornley, Oliver"]
[Black "Gopakumar, Siddharth"]
[Result "0-1"]
[WhiteElo "1759"]
[BlackElo "1881"]
[PlyCount "0"]
[EventDate "2023.07.21"]
[EventRounds "7"]
[EventCountry "ENG"]

1. e4 c5 2. d4 cxd4 3. c3 dxc3 4. Nxc3 d6 5. Nf3 Nc6 6. Bc4 e6 7. O-O Be7 8. Qe2
Nf6 9. Rd1 Qc7 10. Nb5 Qb8 11. e5 Nxe5 12. Bf4 Nxf3+ 13. Qxf3 e5 14. Qe2 O-O 15.
Rac1 d5 16. Bb3 exf4 17. Qxe7 Be6 18. Nc7 Qd8 19. Nxd5 Nxd5  0-1

[Event "British Chess Championships 2023: First Rapidplay Open"]
[Site "The Venue, De Montfort University, 20 Western Boulevard, Leicester, LE2 7BU"]
[Date "2023.07.21"]
[Round "7"]
[Board "14"]
[White "Kothari, Jai"]
[Black "Graff, Ben"]
[Result "1-0"]
[WhiteElo "1966"]
[BlackElo "1780"]
[PlyCount "0"]
[EventDate "2023.07.21"]
[EventRounds "7"]
[EventCountry "ENG"]

1. e4 e6 2. d4 d5 3. Nc3 dxe4 4. Nxe4 Bd7 5. Nf3 Bc6 6. Bd3 Nd7 7. O-O Ngf6 8. Ng3
Be7 9. Re1 Bxf3 10. Qxf3 c6 11. c3 Qa5 12. b4 Qd5 13. Qxd5 Nxd5 14. Bd2 O-O 15. a3
Bf6 16. Ne4 Be7 17. c4 N5f6 18. f3 Nxe4 19. fxe4 Rfd8 20. Bc3 c5 21. d5 exd5 22.
exd5 Bd6 23. Kf2 Re8 24. Rad1 f6 25. Bf5 Ne5 26. Be6+ Kh8 27. Bxe5 fxe5 28. bxc5
Bxc5+ 29. Kg3 Bxa3 30. Kh3 Bd6 31. c5 Bxc5 32. Rxe5 Bd6 33. Re3 Rad8 34. Ra1 Bc5
35. Rb3 Bb6 36. Ra4 g6 37. Rh4 Kg7 38. Ra4 Re7 39. Re4 Rd6 40. Rf3 Bc5 41. Ref4 Rb6
42. Rf8 a5 43. Rg8+ Kh6 44. g4 Rb4 45. Kh4 g5+ 46. Rxg5 Bd4 47. Rg8 Rg7 48. Ra8 a4
49. d6 Bb6 50. d7 Rd4 51. Bf7 Rdxg4+ 52. Kh3 Kg5 53. d8=Q+ Bxd8 54. Rxd8 Rh4+ 55.
Kg2 Kh6+ 56. Kh1 Rb4 57. Rd6+ Kg5 58. Rg3+ Rg4 59. Rf3 Rb4 60. Rf1 h5 61. Bd5 Rg4
62. Be6 Rb4 63. Rg1+ Kh6 64. Bf5+ Rg6 65. Rdxg6+ Kh7 66. Rg8+ Kh6 67. R1g6+ Kh7 68.
Rg4+ Kh6 69. Rh8#  1-0

[Event "British Chess Championships 2023: First Rapidplay Open"]
[Site "The Venue, De Montfort University, 20 Western Boulevard, Leicester, LE2 7BU"]
[Date "2023.07.21"]
[Round "7"]
[Board "15"]
[White "Khan, Mohammed"]
[Black "Kairat, Alexander"]
[Result "1/2-1/2"]
[WhiteElo "1806"]
[BlackElo "1745"]
[PlyCount "0"]
[EventDate "2023.07.21"]
[EventRounds "7"]
[EventCountry "ENG"]

1. e4 c5 2. Nc3 Nc6 3. g3 e5 4. Bg2 d6 5. d3 Nf6 6. Nge2 Be7 7. O-O O-O 8. f4 exf4
9. Nxf4 a6 10. h3 b5 11. e5 dxe5 12. Bxc6 exf4 13. Bxa8 fxg3 14. Bg2 Qd4+ 15. Kh1
b4 16. Ne2 Qh4 17. Ng1 Ng4 18. Qe2 Nf2+ 19. Rxf2 gxf2 20. Nf3 Qg3 21. Bf4 Qxf4 22.
Qxe7 Qg3 23. Qe2 Bd7 24. Rf1 Bxh3 25. Qxf2 Qxf2 26. Rxf2 Bxg2+ 27. Kxg2 Re8 28. Kf1
f6 29. Re2 Rxe2 30. Kxe2 g5 31. c3 h5 32. Ke3 Kf7 33. cxb4 cxb4 34. d4 Ke6 35. a3
bxa3 36. bxa3 h4 37. a4 h3 38. Kf2 g4 39. Nh4 Kd5 40. Nf5 Ke4 41. Nh6 h2 42. Kg2
g3 43. d5 Kxd5 44. Nf5 Kc4 45. Nxg3 a5 46. Kxh2 Kb4 47. Ne2 Kxa4 48. Nc3+ Kb3 49.
Nb5 a4 50. Kg3 Kb4 51. Nd4 Kc4 52. Nc2 Kd3 53. Na3 Ke4 54. Kf2 Kd3 55. Kf3 Kc3 56.
Kf4 Kb3 57. Nb5 Kc4 58. Na3+ Kb4 59. Nb1 Kb3 60. Kf5 Kc2 61. Na3+ Kb3 62. Nb1 Kb2
63. Nd2 Kc2 64. Nc4 Kb3 65. Nd2+ Ka2 66. Kxf6  1/2-1/2

[Event "British Chess Championships 2023: First Rapidplay Open"]
[Site "The Venue, De Montfort University, 20 Western Boulevard, Leicester, LE2 7BU"]
[Date "2023.07.21"]
[Round "7"]
[Board "16"]
[White "Hayes, Solomon"]
[Black "Dayal, Samar"]
[Result "1/2-1/2"]
[WhiteElo "1781"]
[BlackElo "1676"]
[PlyCount "0"]
[EventDate "2023.07.21"]
[EventRounds "7"]
[EventCountry "ENG"]

1. e4 c5 2. Nf3 d6 3. Bb5+ Bd7 4. Bxd7+ Qxd7 5. c4 Nc6 6. d4 cxd4 7. Nxd4 Nf6 8.
Nc3 g6 9. f3 Bg7 10. Be3 O-O 11. O-O Rfd8 12. Rc1 e6 13. b3 d5 14. cxd5 exd5 15.
Nxc6 bxc6 16. exd5 Nxd5 17. Nxd5 Qxd5 18. Qxd5 cxd5 19. Rfd1 d4 20. Bf2 d3 21. Rc7
d2 22. Be3 Rd3 23. Kf2 Be5 24. Rc2 Bxh2 25. Rcxd2 Bg3+ 26. Ke2 Rxd2+ 27. Rxd2 Re8
28. Kd3 Rd8+ 29. Kc4 Rxd2 30. Bxd2 Bf2 31. Kb5 f5 32. Bf4 Kf7 33. Ka6 h5 34. Bb8
g5 35. Bxa7 Bxa7 36. Kxa7 g4 37. fxg4 hxg4 38. b4 f4 39. b5 f3 40. gxf3 g3 41. b6
g2 42. b7 g1=Q+ 43. Ka8 Qf2 44. b8=Q Ke6 45. Qb3+ Kf6 46. a4 Qc5 47. Kb7 Qe7+ 48.
Ka6 Qe2+ 49. Ka5 Qe5+ 50. Kb4 Qd4+ 51. Qc4 Qb6+ 52. Ka3 Qe3+ 53. Qb3 Qc5+ 54. Ka2
Kg6 55. Qd3+ Kh6 56. Kb3 Qb6+ 57. Ka2 Qf2+ 58. Ka3 Qc5+ 59. Kb3 Qb6+ 60. Kc4 Qa6+
61. Kc3 Qxa4 62. Qd6+ Kg7 63. Qd4+ Qxd4+ 64. Kxd4 Kf6 65. Ke4 Ke6 66. Kf4 Kf6  1/2-1/2

[Event "British Chess Championships 2023: First Rapidplay Open"]
[Site "The Venue, De Montfort University, 20 Western Boulevard, Leicester, LE2 7BU"]
[Date "2023.07.21"]
[Round "7"]
[Board "17"]
[White "Subin, Samvrit"]
[Black "Sasikumar, Srivathsan"]
[Result "0-1"]
[WhiteElo "1704"]
[BlackElo "1787"]
[PlyCount "0"]
[EventDate "2023.07.21"]
[EventRounds "7"]
[EventCountry "ENG"]

1. e4 c5 2. Nc3 Nc6 3. f4 e6 4. Nf3 d5 5. d3 Nf6 6. g3 Be7 7. Bg2 O-O 8. O-O b6 9.
Nh4 Bb7 10. f5 d4 11. Ne2 e5 12. Nf3 Rc8 13. h3 h6 14. g4 Nd7 15. a3 b5 16. Qe1 c4
17. h4 cxd3 18. cxd3 Nc5 19. Qg3 Nxd3 20. g5 Nxc1 21. Raxc1 d3 22. gxh6 Bf6 23. hxg7
Bxg7 24. Nc3 Nd4 25. Nxd4 Qxd4+ 26. Kh1 f6 27. Rg1 a5 28. Bf3 Rf7 29. Bh5 Rd7 30.
Nd5 Qxe4+ 31. Bf3 Qxf3+ 32. Qxf3 Rxc1 33. Nxf6+ Kf7 34. Ne4 Bxe4 35. Qxe4 Rxg1+ 36.
Kxg1 d2  0-1

[Event "British Chess Championships 2023: First Rapidplay Open"]
[Site "The Venue, De Montfort University, 20 Western Boulevard, Leicester, LE2 7BU"]
[Date "2023.07.21"]
[Round "7"]
[Board "18"]
[White "Al Dakl Alla, Muhammad"]
[Black "Lawrence-Cade, Jack"]
[Result "1-0"]
[WhiteElo "1410"]
[BlackElo "1649"]
[PlyCount "0"]
[EventDate "2023.07.21"]
[EventRounds "7"]
[EventCountry "ENG"]

1. d4 Nf6 2. Bf4 d5 3. Nf3 e6 4. e3 c5 5. c3 Nc6 6. Bd3 Nh5 7. Bg3 Bd7 8. Nbd2 Be7
9. Ne5 Nxg3 10. Nxc6 Bxc6 11. hxg3 g6 12. f4 Qb6 13. Qc2 O-O-O 14. Nf3 f6 15. g4
Kb8 16. O-O-O c4 17. Be2 Qa5 18. Qb1 Ka8 19. Nd2 Rb8 20. Bf3 f5 21. gxf5 exf5 22.
g4 b5 23. gxf5 b4 24. Nxc4 Qb5 25. Ne5 bxc3 26. b3 g5 27. Rh2 Rbc8 28. Be2 Qb4 29.
Rdh1 Bb5 30. Bxb5 Qxb5 31. Qc2 gxf4 32. exf4 Ba3+ 33. Kd1 Qb4 34. Rxh7 Qxd4+ 35.
Nd3 Rxh7 36. Rxh7 Qg1+ 37. Ne1 Re8 38. Qxc3 Qg4+ 39. Nf3  1-0

[Event "British Chess Championships 2023: First Rapidplay Open"]
[Site "The Venue, De Montfort University, 20 Western Boulevard, Leicester, LE2 7BU"]
[Date "2023.07.21"]
[Round "7"]
[Board "19"]
[White "Moreland, Finlay W"]
[Black "Goatcher, Matthew W"]
[Result "1-0"]
[WhiteElo "1836"]
[BlackElo "1518"]
[PlyCount "0"]
[EventDate "2023.07.21"]
[EventRounds "7"]
[EventCountry "ENG"]

1. e4 Nf6 2. e5 Nd5 3. d4 d6 4. c4 Nb6 5. exd6 cxd6 6. Nf3 Bg4 7. h3 Bxf3 8. Qxf3
Nc6 9. Be3 g6 10. Nc3 Bg7 11. Rd1 O-O 12. c5 Nc8 13. Bb5 Qc7 14. O-O dxc5 15. Bxc6
Qxc6 16. Qxc6 bxc6 17. dxc5 a5 18. Rfe1 Ra7 19. Bd4 f6 20. f4 Re8 21. Bf2 Kf7 22.
Na4 f5 23. b3 e5 24. fxe5 Bxe5 25. Nb6 Nxb6 26. cxb6 Rb7 27. Re2 Bh2+ 28. Kf1 Rxe2
29. Kxe2 Be5 30. Rc1 Re7 31. Kf1 Re6 32. Rc5 Ke7 33. Rxa5 Kd7 34. Ra7+ Kc8 35. Rxh7
Bd6 36. a4 Bb4 37. Bg3 f4  1-0

[Event "British Chess Championships 2023: First Rapidplay Open"]
[Site "The Venue, De Montfort University, 20 Western Boulevard, Leicester, LE2 7BU"]
[Date "2023.07.21"]
[Round "7"]
[Board "20"]
[White "Reid, Patrick D"]
[Black "Banerji, Kumar"]
[Result "1-0"]
[WhiteElo "1831"]
[BlackElo "1773"]
[PlyCount "0"]
[EventDate "2023.07.21"]
[EventRounds "7"]
[EventCountry "ENG"]

1. d4 Nf6 2. c4 g6 3. Nc3 Bg7 4. e4 d6 5. h3 O-O 6. Be3 e5 7. d5 a5 8. Bd3 Na6 9.
Nge2 Nc5 10. Bc2 Ne8 11. g4 Bd7 12. Qd2 c6 13. O-O-O Rb8 14. f4 exf4 15. Nxf4 b5
16. Bxc5 dxc5 17. dxc6 b4 18. Na4 b3 19. axb3 Bd4 20. cxd7 Qxd7 21. Nxc5 Qd6 22.
Qxd4 Qxf4+ 23. Kb1 Qc7 24. e5 Ng7 25. Ne4  1-0

[Event "British Chess Championships 2023: First Rapidplay Open"]
[Site "The Venue, De Montfort University, 20 Western Boulevard, Leicester, LE2 7BU"]
[Date "2023.07.21"]
[Round "7"]
[Board "21"]
[White "Venn, Hiren"]
[Black "Vashisht-Pigem, Raman"]
[Result "0-1"]
[WhiteElo "1795"]
[BlackElo "1723"]
[PlyCount "0"]
[EventDate "2023.07.21"]
[EventRounds "7"]
[EventCountry "ENG"]

1. d4 Nf6 2. c4 g6 3. Nc3 Bg7 4. e4 d6 5. Be2 O-O 6. Bg5 c5 7. d5 e6 8. Nf3 exd5
9. exd5 h6 10. Be3 a6 11. O-O Nbd7 12. Qd2 g5 13. h4 g4 14. Nh2 h5 15. Bh6 Nh7 16.
Ne4 Qxh4 17. Nxd6 Qf6 18. Bf4 Qxb2 19. Qxb2 Bxb2 20. Rab1 Be5 21. Bxe5 Nxe5 22. Nxc8
Rfxc8 23. Rxb7 Nf6 24. Rb6 Ned7 25. Rb7 Rab8 26. Rfb1 Rxb7 27. Rxb7 Rb8 28. Rxb8+
Nxb8 29. f3 g3 30. Nf1 h4 31. Ne3 Nh5 32. Nf5 Nf4 33. Bf1 Ng6 34. Be2 Nd7 35. Bd3
 0-1